[Event "Washington Open"]
[Site "Chess.com"]
[Date "2020.05.24"]
[Round "?"]
[White "Bablani, Arnav"]
[Black "Tang, Ryan"]
[Result "1-0"]
[WhiteElo "909"]
[BlackElo "693"]
[PlyCount "71"]
[EventDate "2020.??.??"]

1. e4 e5 2. Nf3 Nc6 3. Bb5 Bc5 4. Nxe5 Nxe5 5. d4 Bd6 6. dxe5 Bxe5 7. Nc3 Nf6
8. Bg5 h6 9. Bh4 c6 10. Bc4 O-O 11. O-O d6 12. f4 Bxc3 13. bxc3 Re8 14. Qf3 d5
15. exd5 cxd5 16. Bb5 Re6 17. Rae1 Rxe1 18. Rxe1 Be6 19. f5 Bc8 20. Re8+ Nxe8
21. Bxd8 a6 22. Bxe8 Kf8 23. Qe3 Bxf5 24. Qe7+ Kg8 25. Qxf7+ Kh8 26. Qf8+ Kh7
27. Qxf5+ Kh8 28. Qd7 Kh7 29. g4 Rb8 30. g5 hxg5 31. Qh3+ Kg8 32. Qe6+ Kh8 33.
Bc7 Ra8 34. Bf7 g6 35. Be5+ Kh7 36. Qh3# 1-0

[Event "Washington Open"]
[Site "Chess.com"]
[Date "2020.05.25"]
[Round "?"]
[White "Tang, Ryan"]
[Black "O'Brien, Hansol"]
[Result "0-1"]
[WhiteElo "693"]
[BlackElo "1229"]
[PlyCount "56"]
[EventDate "2020.??.??"]

1. e4 e5 2. Nf3 Nc6 3. Nc3 Nf6 4. Bc4 Nxe4 5. Nxe4 d5 6. Bd3 dxe4 7. Bxe4 Bd6
8. d3 h6 9. Be3 Ne7 10. O-O f5 11. Re1 fxe4 12. dxe4 Bg4 13. h3 Bh5 14. Qe2 Qd7
15. Rad1 Qc6 16. Bc1 Rf8 17. Kh1 Qd7 18. Bd2 Bxf3 19. gxf3 Qxh3+ 20. Kg1 Rxf3
21. Bc3 Rf6 22. f3 Rg6+ 23. Kf2 Rg2+ 24. Ke3 Rxe2+ 25. Rxe2 Bc5+ 26. Kd2 Qxf3
27. Bxe5 Rd8+ 28. Ke1 Qh1# 0-1

[Event "Washington Open"]
[Site "Chess.com"]
[Date "2020.05.23"]
[Round "?"]
[White "Shanmugam, Varsha"]
[Black "Suess, Wade"]
[Result "0-1"]
[WhiteElo "616"]
[BlackElo "1195"]
[PlyCount "90"]
[EventDate "2020.??.??"]

1. e4 e5 2. Nf3 Nc6 3. Bc4 Nf6 4. d3 Bc5 5. O-O d6 6. h3 h6 7. c3 O-O 8. Nbd2
Be6 9. Bb3 Ne7 10. Re1 c6 11. Nf1 Ng6 12. Ng3 Qc7 13. Be3 Bb6 14. Bxe6 fxe6 15.
Qb3 d5 16. exd5 exd5 17. c4 Bxe3 18. Rxe3 Kh8 19. d4 e4 20. Nh2 Rad8 21. Nf5
Qf4 22. Ng3 dxc4 23. Qxc4 Nd5 24. Rf1 Nxe3 25. fxe3 Qxe3+ 26. Kh1 Qxg3 27. Qe6
Rxf1+ 28. Nxf1 Qe1 29. Kg1 Rf8 30. Qxg6 Qxf1+ 31. Kh2 Qf4+ 32. Qg3 Qxg3+ 33.
Kxg3 e3 34. Kh2 e2 35. Kg1 e1=Q+ 36. Kh2 Qe5+ 37. Kg1 Qxd4+ 38. Kh2 Qxb2 39.
Kg1 Qxa2 40. Kh2 c5 41. Kg1 c4 42. Kh2 c3 43. Kg1 c2 44. Kh2 c1=Q 45. Kg3 Qf4#
0-1

[Event "Washington Open"]
[Site "Chess.com"]
[Date "2020.05.23"]
[Round "?"]
[White "Liu, Yuntao"]
[Black "Shanmugam, Varsha"]
[Result "1-0"]
[WhiteElo "1059"]
[BlackElo "616"]
[PlyCount "75"]
[EventDate "2020.??.??"]

1. b3 e5 2. Bb2 Nc6 3. e3 d5 4. Bb5 Bd7 5. Bxc6 Bxc6 6. Bxe5 Bc5 7. Bxg7 d4 8.
Nf3 Bxf3 9. Qxf3 Ne7 10. Bxh8 dxe3 11. fxe3 Bb4 12. O-O Qd6 13. Qxf7+ Kd7 14.
Bf6 Re8 15. Bxe7 Rxe7 16. Qf5+ Re6 17. Qd3 Qxd3 18. cxd3 Bd6 19. Nc3 Rh6 20. h3
Rg6 21. Ne4 Be7 22. Rf7 Re6 23. Nc5+ Kd6 24. Nxe6 Kxe6 25. Rxe7+ Kxe7 26. Rf1
c5 27. g4 b5 28. g5 Ke8 29. h4 a5 30. h5 a4 31. bxa4 bxa4 32. g6 hxg6 33. hxg6
Ke7 34. g7 Ke8 35. g8=Q+ Kd7 36. Rf7+ Ke6 37. Qg6+ Kd5 38. Rf5# 1-0

[Event "Washington Open"]
[Site "Chess.com"]
[Date "2020.05.23"]
[Round "?"]
[White "Kolar, Jonah"]
[Black "Khanolkar, Karan"]
[Result "1-0"]
[WhiteElo "1187"]
[BlackElo "568"]
[PlyCount "49"]
[EventDate "2020.??.??"]

1. d4 d5 2. Bf4 Nf6 3. Nf3 Bf5 4. e3 e6 5. Bd3 Bxd3 6. cxd3 Bd6 7. Ne5 Nbd7 8.
O-O O-O 9. Nd2 Bxe5 10. dxe5 Ne8 11. Qg4 f6 12. Qxe6+ Kh8 13. exf6 Nexf6 14.
Rac1 c6 15. Rfd1 Re8 16. Qf5 Qa5 17. e4 Nb6 18. Nf3 Rf8 19. Bd6 Rfe8 20. e5 Ng8
21. Ng5 g6 22. Qf7 Nf6 23. Qxf6+ Kg8 24. Qf7+ Kh8 25. Qxh7# 1-0

[Event "Washington Open"]
[Site "Chess.com"]
[Date "2020.05.23"]
[Round "?"]
[White "Khanolkar, Karan"]
[Black "Murarka, Avni"]
[Result "0-1"]
[WhiteElo "568"]
[BlackElo "1026"]
[PlyCount "70"]
[EventDate "2020.??.??"]

1. e4 c5 2. Nf3 d6 3. Bc4 e6 4. Nc3 Nf6 5. a3 g6 6. d3 Bg7 7. Bg5 O-O 8. O-O
Nc6 9. Qd2 Re8 10. Rfe1 Ne7 11. e5 dxe5 12. Nxe5 Nfd5 13. Nxd5 exd5 14. Ba2 f6
15. Bf4 fxe5 16. Bxe5 Bxe5 17. Rxe5 Qd6 18. Rae1 Bd7 19. Qg5 Nc6 20. Bxd5+ Kh8
21. f4 Nxe5 22. fxe5 Qxd5 23. Qf6+ Kg8 24. Rf1 Rf8 25. Qxf8+ Rxf8 26. Rxf8+
Kxf8 27. e6 Bxe6 28. d4 Qxd4+ 29. Kf1 Qd1+ 30. Kf2 Qxc2+ 31. Kf1 Bc4+ 32. Kg1
Bd5 33. Kf1 Qxg2+ 34. Ke1 Bf3 35. h3 Qe2# 0-1

[Event "Washington Open"]
[Site "Chess.com"]
[Date "2020.05.24"]
[Round "?"]
[White "Ghosh, Yohan"]
[Black "Khanolkar, Karan"]
[Result "0-1"]
[WhiteElo "825"]
[BlackElo "568"]
[PlyCount "104"]
[EventDate "2020.??.??"]

1. e4 e5 2. Nf3 Nc6 3. Bc4 Bc5 4. O-O Nf6 5. Ng5 O-O 6. d3 h6 7. Nf3 d6 8. h3
Be6 9. Be3 Bb6 10. Bb3 Qe7 11. Nc3 Nd4 12. Bxd4 exd4 13. Nd5 Nxd5 14. exd5 Bf5
15. Re1 Qd7 16. Bc4 Rfe8 17. Qd2 Qa4 18. a3 Qd7 19. b4 c6 20. dxc6 bxc6 21. a4
d5 22. Bb3 Bc7 23. g4 Bxg4 24. Nh2 Bxh3 25. Kh1 Qd6 26. f3 Re5 27. Rxe5 Qxe5
28. Re1 Qf6 29. Rg1 Bf4 30. Qe2 Bxh2 31. Kxh2 Qh4 32. Rh1 Bf1+ 33. Kg1 Qxh1+
34. Kxh1 Bxe2 35. Kg1 Bxf3 36. Kf2 Bg4 37. Kg3 Be6 38. Kf4 Rb8 39. Ke5 Rxb4 40.
Kd6 Rxb3 41. cxb3 g5 42. Kxc6 g4 43. b4 g3 44. b5 g2 45. b6 axb6 46. Kxb6 g1=Q
47. a5 Qb1+ 48. Ka6 Qxd3+ 49. Ka7 Qb5 50. a6 Bc8 51. Ka8 Qxa6+ 52. Kb8 Qb7# 0-1

[Event "Washington Open"]
[Site "Chess.com"]
[Date "2020.05.24"]
[Round "?"]
[White "Khanolkar, Karan"]
[Black "Bablani, Arnav"]
[Result "1/2-1/2"]
[WhiteElo "568"]
[BlackElo "909"]
[PlyCount "62"]
[EventDate "2020.??.??"]

1. e4 e5 2. Nf3 Nc6 3. Bc4 Bc5 4. O-O Nf6 5. Nc3 O-O 6. d3 d6 7. Bg5 Nb4 8. a3
Na6 9. Nd5 h6 10. Bxf6 gxf6 11. Qd2 Kh7 12. d4 exd4 13. Nxd4 Rg8 14. Kh1 c6 15.
Nc3 Qf8 16. f4 Qg7 17. Nb3 Be3 18. Qe2 Bb6 19. g3 Bh3 20. Rfe1 Bg4 21. Qg2 Qg6
22. e5 Qh5 23. Be2 fxe5 24. Bxg4 Qxg4 25. fxe5 dxe5 26. Rxe5 f6 27. Qe4+ Qxe4+
28. Rxe4 Rae8 29. Rxe8 Rxe8 30. Rd1 Re7 31. Rf1 Re6 1/2-1/2

[Event "Washington Open"]
[Site "Chess.com"]
[Date "2020.05.25"]
[Round "?"]
[White "Khanolkar, Karan"]
[Black "Ma, Lucas"]
[Result "1/2-1/2"]
[WhiteElo "568"]
[BlackElo "1089"]
[PlyCount "87"]
[EventDate "2020.??.??"]

1. e4 c5 2. Nf3 Nc6 3. Nc3 g6 4. Bc4 Bg7 5. O-O d6 6. h3 Nf6 7. d3 O-O 8. Bg5
Bd7 9. Qd2 a6 10. a3 b5 11. Ba2 Rb8 12. Ne2 Qb6 13. Ng3 a5 14. Bh6 b4 15. Bxg7
Kxg7 16. axb4 axb4 17. Rfe1 Ra8 18. Bc4 e6 19. Rxa8 Rxa8 20. e5 dxe5 21. Nxe5
Nxe5 22. Rxe5 Ra1+ 23. Re1 Rxe1+ 24. Qxe1 Qd6 25. Ne4 Nxe4 26. Qxe4 Bc6 27. Qe3
Bb7 28. c3 Qc6 29. f3 bxc3 30. bxc3 h5 31. Qe5+ Kh7 32. Qf4 Qd7 33. Qe5 Qe7 34.
d4 cxd4 35. cxd4 Qd8 36. Qf4 Qe7 37. Qe5 Qd8 38. Qf4 Kg7 39. Kh2 Qf6 40. Qxf6+
Kxf6 41. Kg3 Kf5 42. Bd3+ Kg5 43. h4+ Kf6 44. Kf4 1/2-1/2

[Event "Washington Open"]
[Site "Chess.com"]
[Date "2020.05.25"]
[Round "?"]
[White "Peesa, Rahul"]
[Black "Khanolkar, Karan"]
[Result "1-0"]
[WhiteElo "1107"]
[BlackElo "568"]
[PlyCount "59"]
[EventDate "2020.??.??"]

1. d4 d5 2. Bf4 Nf6 3. Nf3 Bf5 4. c4 e6 5. Nc3 Bb4 6. Qb3 Nc6 7. a3 Bxc3+ 8.
bxc3 Rb8 9. cxd5 exd5 10. e3 O-O 11. Be2 Qd7 12. O-O Ne4 13. Rfc1 Bg4 14. Qd1
Rfe8 15. c4 dxc4 16. Rxc4 Nd6 17. Rc2 Re6 18. d5 Rg6 19. dxc6 bxc6 20. Ne5 Bxe2
21. Qxe2 Qf5 22. Nxg6 Qxg6 23. Bxd6 cxd6 24. Rf1 Rb5 25. Qxb5 h6 26. Qxc6 Qd3
27. Rcc1 Qxa3 28. Qc8+ Kh7 29. Qf5+ Kg8 30. Rc8# 1-0

[Event "Washington Open"]
[Site "Chess.com"]
[Date "2020.05.23"]
[Round "?"]
[White "Johnson, Tobias"]
[Black "Bunch, Drew"]
[Result "0-1"]
[WhiteElo "567"]
[BlackElo "1169"]
[PlyCount "54"]
[EventDate "2020.??.??"]

1. e4 e5 2. Nf3 Nc6 3. Bb5 a6 4. Bxc6 dxc6 5. O-O Bd6 6. Nc3 Bg4 7. h3 Bh5 8.
d3 Nf6 9. Bg5 h6 10. Bh4 g5 11. Bg3 g4 12. Nxe5 gxh3 13. gxh3 Bxd1 14. Raxd1
Rg8 15. Kh1 Bxe5 16. Bxe5 Qe7 17. d4 O-O-O 18. Bg3 Nxe4 19. Rfe1 Nxg3+ 20. fxg3
Qf6 21. Rf1 Qg7 22. Ne2 Rge8 23. Nc3 Rxd4 24. Rxd4 Qxd4 25. Ne2 Rxe2 26. c3
Qe4+ 27. Kg1 Qg2# 0-1

[Event "Washington Open"]
[Site "Chess.com"]
[Date "2020.05.23"]
[Round "?"]
[White "Ruff, Lois"]
[Black "Johnson, Tobias"]
[Result "1-0"]
[WhiteElo "1027"]
[BlackElo "567"]
[PlyCount "137"]
[EventDate "2020.??.??"]

1. e4 e5 2. Nf3 Nc6 3. Bb5 a6 4. Ba4 b5 5. Bb3 Bc5 6. O-O Nf6 7. d3 h6 8. Nbd2
d6 9. c3 O-O 10. d4 exd4 11. cxd4 Nxd4 12. Nxd4 Bxd4 13. Nf3 c5 14. e5 dxe5 15.
Re1 Bg4 16. Bc2 g6 17. Qd3 c4 18. Qe2 Re8 19. Bxh6 e4 20. h3 exf3 21. Qf1 Rxe1
22. Rxe1 Be6 23. Bg5 Bd5 24. g3 Qd6 25. Bf4 Qd7 26. h4 Qc6 27. Qh3 Ne4 28. Be3
Bxe3 29. Rxe3 f5 30. h5 Be6 31. hxg6 f4 32. Qh7+ Kf8 33. g7+ Ke7 34. g8=Q+ Kd6
35. Qxa8 Qxa8 36. Qxe4 Qxe4 37. Rxe4 Bf5 38. Rd4+ Ke5 39. Rd2 Bh3 40. Bd1 b4
41. gxf4+ Kxf4 42. Rd4+ Ke5 43. Rxc4 a5 44. Rc5+ Kd4 45. Rxa5 Bd7 46. Bxf3 Kd3
47. Rd5+ Kc2 48. Rxd7 Kxb2 49. Rd2+ Ka3 50. Kf1 Ka4 51. Rd4 Ka3 52. Rd2 Ka4 53.
Bc6+ Ka3 54. Ke2 b3 55. axb3 Kxb3 56. Bd5+ Kc3 57. Rd3+ Kb4 58. f3 Kc5 59. Bb3
Kb5 60. f4 Kc5 61. f5 Kc6 62. f6 Kc5 63. f7 Kc6 64. f8=Q Kb5 65. Qf4 Kc5 66.
Qd4+ Kb5 67. Ba4+ Ka5 68. Rb3 Ka6 69. Qb6# 1-0

[Event "Washington Open"]
[Site "Chess.com"]
[Date "2020.05.24"]
[Round "?"]
[White "Johnson, Tobias"]
[Black "Wang, Ted"]
[Result "0-1"]
[WhiteElo "567"]
[BlackElo "779"]
[PlyCount "62"]
[EventDate "2020.??.??"]

1. e4 c5 2. Nf3 Nc6 3. d4 cxd4 4. Nxd4 e5 5. Nf3 Nf6 6. Nc3 Be7 7. Be3 d6 8.
Bd3 Bg4 9. h3 Bh5 10. Be2 Bg6 11. Qd3 O-O 12. O-O-O a6 13. g4 b5 14. h4 h6 15.
g5 Nxe4 16. gxh6 Nxf2 17. Qd2 Nxh1 18. Rxh1 Bh7 19. Bd3 g6 20. h5 d5 21. hxg6
fxg6 22. Be2 d4 23. Bg5 dxc3 24. Qxc3 Bxg5+ 25. Nxg5 Qxg5+ 26. Kb1 Nd4 27. Qc7
Qf6 28. Bg4 Qf7 29. Qd6 Qf1+ 30. Rxf1 Rxf1+ 31. Bd1 Rxd1# 0-1

[Event "Washington Open"]
[Site "Chess.com"]
[Date "2020.05.23"]
[Round "?"]
[White "Zhang, Ethan"]
[Black "Yadav, Arjun"]
[Result "1-0"]
[WhiteElo "1169"]
[BlackElo "553"]
[PlyCount "91"]
[EventDate "2020.??.??"]

1. d4 Nf6 2. c4 e6 3. Nc3 d5 4. Bg5 Be7 5. Nf3 O-O 6. e3 Nbd7 7. cxd5 exd5 8.
Bd3 c5 9. Qc2 b6 10. O-O Bb7 11. dxc5 Nxc5 12. Bxf6 Nxd3 13. Bxe7 Qxe7 14. Qxd3
Rfd8 15. Rac1 Rac8 16. Nd4 Rd6 17. Nf5 Qe6 18. Nxd6 Qxd6 19. Nb5 Qb4 20. Rxc8+
Bxc8 21. Qb3 Qxb3 22. axb3 Ba6 23. Rc1 g6 24. Nc3 Bb7 25. Rd1 f5 26. Nxd5 Kf7
27. Nf4 Kf6 28. Rd7 Bc6 29. Rxh7 g5 30. Rh6+ Kf7 31. Rxc6 gxf4 32. exf4 Ke8 33.
Rc7 a5 34. Kf1 Kd8 35. Rh7 Ke8 36. Ke2 Kf8 37. Kd3 Kg8 38. Ra7 Kf8 39. Kd4 Ke8
40. Kd5 Kd8 41. Kc6 Ke8 42. Kd6 Kf8 43. Ke6 Kg8 44. Kf6 Kh8 45. Kg6 b5 46. Ra8#
1-0

[Event "Washington Open"]
[Site "Chess.com"]
[Date "2020.05.23"]
[Round "?"]
[White "Yadav, Arjun"]
[Black "Sundaram, Raghav K"]
[Result "0-1"]
[WhiteElo "553"]
[BlackElo "1200"]
[PlyCount "144"]
[EventDate "2020.??.??"]

1. d4 d6 2. Nf3 Nf6 3. Nc3 Nbd7 4. e4 e5 5. Bd3 Be7 6. O-O O-O 7. h3 c6 8. Be3
Qc7 9. Qd2 Nb6 10. Rad1 Re8 11. Rfe1 Nfd7 12. dxe5 Nxe5 13. Nxe5 dxe5 14. Qe2
Be6 15. Qf3 Rad8 16. Qg3 Bd6 17. Bh6 f6 18. Re3 Kh8 19. Qf3 gxh6 20. Qxf6+ Qg7
21. Qxg7+ Kxg7 22. Rg3+ Kh8 23. Be2 Rg8 24. Rgd3 Be7 25. Rxd8 Bxd8 26. Kf1 Bc4
27. Bxc4 Nxc4 28. b3 Ba5 29. bxc4 Bxc3 30. Rd6 Rg6 31. Rd8+ Rg8 32. Rd3 Bd4 33.
Rb3 Rf8 34. f3 b6 35. c3 Bc5 36. Rb2 Rd8 37. Ke2 Kg7 38. Rd2 Rxd2+ 39. Kxd2 Kg6
40. Ke2 Kg5 41. g3 h5 42. Kf1 h4 43. Kg2 hxg3 44. Kxg3 h5 45. h4+ Kg6 46. f4
exf4+ 47. Kxf4 Bd6+ 48. e5 Bc5 49. e6 Kf6 50. a4 Kxe6 51. Kg5 Ke5 52. Kxh5 Ke4
53. Kg6 Kd3 54. h5 Kxc3 55. h6 Kxc4 56. h7 Bd4 57. Kf7 a5 58. Ke7 b5 59. Kd6
bxa4 60. Kxc6 a3 61. Kb7 a2 62. Ka6 a1=Q 63. Kb7 Qb2+ 64. Kc6 Qb6+ 65. Kd7 Qb7+
66. Ke6 a4 67. Kf5 a3 68. Kg6 a2 69. h8=Q Bxh8 70. Kh6 Qg7+ 71. Kh5 a1=Q 72.
Kh4 Qh1# 0-1

[Event "Washington Open"]
[Site "Chess.com"]
[Date "2020.05.24"]
[Round "?"]
[White "Metzmaker, Suya"]
[Black "Yadav, Arjun"]
[Result "1-0"]
[WhiteElo "801"]
[BlackElo "553"]
[PlyCount "139"]
[EventDate "2020.??.??"]

1. e4 c5 2. Nf3 d6 3. d4 cxd4 4. Nxd4 Nf6 5. Nc3 Nc6 6. f3 e6 7. Be3 d5 8. exd5
Nxd5 9. Nxd5 Qxd5 10. Nb3 Qe5 11. Qc1 g6 12. Be2 Bd6 13. f4 Qf6 14. O-O O-O 15.
c3 e5 16. fxe5 Qxe5 17. g3 Bh3 18. Rf2 Rfe8 19. Bf4 Qe6 20. Bxd6 Qxd6 21. Qd1
Rad8 22. Qxd6 Rxd6 23. Bc4 Ne5 24. Bf1 Bxf1 25. Raxf1 f5 26. Kg2 Ng4 27. h3
Nxf2 28. Kxf2 Kf7 29. Rc1 Kf6 30. h4 h5 31. c4 b6 32. Rc3 g5 33. Kf3 Re4 34.
hxg5+ Kxg5 35. Rc2 Rd3+ 36. Kf2 Kg4 37. c5 Rxg3 38. c6 Re8 39. Rc4+ f4 40. Nd4
h4 41. c7 Rc8 42. Ne6 h3 43. Rxf4+ Kh5 44. Kxg3 Rg8+ 45. Kxh3 Re8 46. Rf8 Rxe6
47. c8=Q Re3+ 48. Kg2 Re2+ 49. Rf2 Rxf2+ 50. Kxf2 Kg5 51. Qc4 Kf5 52. Qd4 Ke6
53. Qf4 Kd5 54. Qf7+ Ke4 55. Qxa7 Ke5 56. Qxb6 Ke4 57. Qb3 Ke5 58. Qc4 Kf5 59.
Qd4 Ke6 60. Qc5 Kf6 61. Qd5 Ke7 62. Qc6 Kf7 63. Qd6 Kg7 64. Qe6 Kh7 65. Qg4 Kh8
66. Kf3 Kh7 67. Kf4 Kh8 68. Kf5 Kh7 69. Kf6 Kh8 70. Qg7# 1-0

[Event "Washington Open"]
[Site "Chess.com"]
[Date "2020.05.24"]
[Round "?"]
[White "Yadav, Arjun"]
[Black "Shanmugam, Varsha"]
[Result "1-0"]
[WhiteElo "553"]
[BlackElo "616"]
[PlyCount "119"]
[EventDate "2020.??.??"]

1. d4 d5 2. Nf3 Nf6 3. Bf4 Bf5 4. e3 Nbd7 5. Bd3 e6 6. Bxf5 exf5 7. Qd3 g6 8.
Nbd2 Qe7 9. Qc3 Qd8 10. a4 Be7 11. Bxc7 Qc8 12. Bf4 Qxc3 13. bxc3 O-O 14. c4
Bb4 15. Bh6 Rfe8 16. cxd5 Nxd5 17. c4 Nc3 18. O-O Ne2+ 19. Kh1 Rac8 20. a5 Bc3
21. Ra3 Nf6 22. Re1 Bb4 23. Rb3 Rxc4 24. Rxe2 Rc1+ 25. Ng1 Rec8 26. Rb1 Bxd2
27. Rxc1 Bxc1 28. Re1 Ng4 29. Rf1 Nxh6 30. Ne2 Ba3 31. g3 Rc2 32. Nf4 Rc1 33.
Rxc1 Bxc1 34. Nd3 Ba3 35. Kg2 b5 36. Kf1 Ng4 37. h3 b4 38. Ke2 b3 39. Kd1 b2
40. Kc2 Nf6 41. Nxb2 Bxb2 42. Kxb2 Kg7 43. Kb3 Kh6 44. Kc4 Kh5 45. Kb5 g5 46.
Ka6 g4 47. h4 Ne4 48. Kxa7 Nxf2 49. a6 Kg6 50. Kb7 Kf6 51. a7 Ke7 52. a8=Q Kf6
53. Qa6+ Kg7 54. h5 Kg8 55. h6 Kf8 56. Qa8+ Ke7 57. Qa6 Kf8 58. Qd6+ Kg8 59.
Qf6 Kf8 60. Qd8# 1-0

[Event "Washington Open"]
[Site "Chess.com"]
[Date "2020.05.25"]
[Round "?"]
[White "Yadav, Arjun"]
[Black "Ruff, Lois"]
[Result "1-0"]
[WhiteElo "553"]
[BlackElo "1027"]
[PlyCount "77"]
[EventDate "2020.??.??"]

1. d4 Nf6 2. c4 e6 3. Nc3 Bb4 4. Bd2 a5 5. a3 Be7 6. e4 d6 7. Bd3 O-O 8. f4 c6
9. Nf3 Na6 10. O-O c5 11. d5 exd5 12. cxd5 Bd7 13. Rc1 Nc7 14. Bb1 b5 15. Qc2
b4 16. e5 bxc3 17. exf6 g6 18. fxe7 Qxe7 19. Bxc3 Bf5 20. Qf2 Bxb1 21. Rxb1
Nxd5 22. Bd2 a4 23. f5 Nf6 24. Qh4 Kg7 25. Qh6+ Kg8 26. Ng5 Qe2 27. Nf3 Ng4 28.
Qg5 Ne5 29. Nxe5 dxe5 30. f6 Qh5 31. Qe3 Rfc8 32. Kh1 c4 33. g4 Qh4 34. Be1
Qxg4 35. Qh6 Qe4+ 36. Kg1 Qg4+ 37. Bg3 Qd4+ 38. Rf2 Qxf2+ 39. Kxf2 1-0

[Event "Washington Open"]
[Site "Chess.com"]
[Date "2020.05.25"]
[Round "?"]
[White "Ma, Lucas"]
[Black "Yadav, Arjun"]
[Result "1-0"]
[WhiteElo "1089"]
[BlackElo "553"]
[PlyCount "37"]
[EventDate "2020.??.??"]

1. e4 c5 2. Nf3 d6 3. d4 cxd4 4. Nxd4 Nf6 5. Nc3 Nc6 6. Be3 e6 7. Bc4 Be7 8.
O-O O-O 9. Bb3 d5 10. exd5 exd5 11. Re1 Nxd4 12. Bxd4 Be6 13. Bxf6 Bxf6 14. Qd2
Bg5 15. Qd3 Qf6 16. Bxd5 Bf5 17. Qe2 Rfe8 18. Qxe8+ Rxe8 19. Rxe8# 1-0

[Event "Washington Open"]
[Site "Chess.com"]
[Date "2020.05.23"]
[Round "?"]
[White "Gajcowski, Hannah Nami"]
[Black "Staab, Doug"]
[Result "0-1"]
[WhiteElo "537"]
[BlackElo "1161"]
[PlyCount "48"]
[EventDate "2020.??.??"]

1. d4 d5 2. c4 dxc4 3. e4 e5 4. Nf3 f6 5. d5 Na6 6. Bxc4 Nc5 7. Qc2 Bd7 8. Nc3
a6 9. Be2 b5 10. b4 Nb7 11. a3 Ne7 12. O-O g5 13. h3 h5 14. Nh2 Ng6 15. a4 Nd6
16. a5 Nf4 17. Bxf4 gxf4 18. g4 hxg4 19. Nxg4 Rxh3 20. Kg2 Rh4 21. Qd1 f5 22.
exf5 Bxf5 23. Nxe5 Qg5+ 24. Kf3 Rh3# 0-1

[Event "Washington Open"]
[Site "Chess.com"]
[Date "2020.05.23"]
[Round "?"]
[White "Zhang, Michael M."]
[Black "Gajcowski, Hannah Nami"]
[Result "1/2-1/2"]
[WhiteElo "977"]
[BlackElo "537"]
[PlyCount "92"]
[EventDate "2020.??.??"]

1. e4 e5 2. Nf3 Nc6 3. Nc3 Nf6 4. Bb5 Bd6 5. d3 O-O 6. Bg5 h6 7. Bh4 a6 8. Ba4
Be7 9. Bxc6 dxc6 10. Nxe5 Nd7 11. Bxe7 Qxe7 12. Nxd7 Bxd7 13. O-O Qg5 14. Qf3
f5 15. exf5 Rxf5 16. Qg3 Raf8 17. Qxg5 Rxg5 18. Ne4 Rg6 19. Kh1 Kf7 20. Nc5 Bc8
21. Rfe1 b6 22. Nb3 Bb7 23. Re2 c5 24. f3 Re8 25. Rae1 Rxe2 26. Rxe2 h5 27. Nd2
h4 28. Nc4 Kf6 29. Ne5 Rg5 30. Ng4+ Kg6 31. Ne5+ Kf6 32. Nd7+ Kf7 33. f4 Rf5
34. Ne5+ Kf6 35. Rf2 h3 36. Kg1 hxg2 37. Re2 Rxf4 38. Nd7+ Kg5 39. Re5+ Kg4 40.
h3+ Kxh3 41. Re3+ Kh4 42. Kh2 Rf1 43. Rh3+ Kg4 44. Ne5+ Kf4 45. Ng6+ Kf5 46.
Nh4+ Ke5 1/2-1/2

[Event "Washington Open"]
[Site "Chess.com"]
[Date "2020.05.24"]
[Round "?"]
[White "Gajcowski, Hannah Nami"]
[Black "Ma, Lucas"]
[Result "0-1"]
[WhiteElo "537"]
[BlackElo "1089"]
[PlyCount "98"]
[EventDate "2020.??.??"]

1. d4 d5 2. c4 e6 3. Nc3 Nf6 4. Bg5 Be7 5. Nf3 Nbd7 6. e3 O-O 7. Bd3 h6 8. Bh4
b6 9. O-O Bb7 10. Re1 c5 11. cxd5 exd5 12. Qc2 Rc8 13. Qa4 Bc6 14. Qc2 Bb7 15.
Bf5 Kh8 16. Ne5 Kg8 17. Bxf6 Nxf6 18. Bxc8 Qxc8 19. f3 cxd4 20. exd4 b5 21. Qb3
a6 22. Ng6 fxg6 23. Rxe7 Re8 24. Rxe8+ Qxe8 25. Kf2 Qe6 26. Re1 Qd7 27. Ne4
Nxe4+ 28. Rxe4 Qf7 29. Rg4 h5 30. Rg5 Qf6 31. Re5 Qh4+ 32. Kg1 Qxd4+ 33. Kf1
Qxe5 34. Kf2 Qd4+ 35. Kg3 g5 36. Qxd5+ Bxd5 37. h3 Qh4+ 38. Kh2 Qa4 39. Kg1
Qxa2 40. Kf2 Qxb2+ 41. Kg3 a5 42. f4 a4 43. fxg5 a3 44. Kf4 a2 45. Ke3 a1=Q 46.
Kf4 Qf1+ 47. Kg3 Qbxg2+ 48. Kh4 Qf4+ 49. Kxh5 Qgxg5# 0-1

[Event "Washington Open"]
[Site "Chess.com"]
[Date "2020.05.24"]
[Round "?"]
[White "Ghosh, Yohan"]
[Black "Gajcowski, Hannah Nami"]
[Result "0-1"]
[WhiteElo "825"]
[BlackElo "537"]
[PlyCount "69"]
[EventDate "2020.??.??"]

1. e4 e5 2. Nf3 Nc6 3. Bc4 Bc5 4. Ng5 Qxg5 5. d4 Qxg2 6. Rf1 Qxe4+ 7. Be2 Nxd4
8. f3 Qxc2 9. Bd3 Bb4+ 10. Bd2 Qxb2 11. Bxb4 Qxb4+ 12. Qd2 Qxd2+ 13. Nxd2 Nf6
14. O-O-O O-O 15. Nb3 Nxb3+ 16. axb3 Re8 17. Rfe1 b6 18. Bb5 c6 19. Bc4 b5 20.
Bd3 a5 21. Re2 Bb7 22. Bc2 c5 23. Red2 Bxf3 24. Rf1 Bc6 25. Bf5 a4 26. Kb2 a3+
27. Ka2 g6 28. Bg4 Nxg4 29. Rg1 Nf6 30. Rf2 Nd5 31. Rgf1 Rf8 32. Rd2 Nb4+ 33.
Ka1 a2 34. h4 Bd5 35. h5 0-1

[Event "Washington Open"]
[Site "Chess.com"]
[Date "2020.05.25"]
[Round "?"]
[White "Gajcowski, Hannah Nami"]
[Black "Nallabothula, Vineesh"]
[Result "0-1"]
[WhiteElo "537"]
[BlackElo "1025"]
[PlyCount "86"]
[EventDate "2020.??.??"]

1. d4 d5 2. c4 c6 3. Nc3 Nf6 4. Bg5 Nbd7 5. Nf3 h6 6. Bh4 e6 7. Ne5 Be7 8. Nxd7
Qxd7 9. e3 O-O 10. Bd3 Rd8 11. O-O b6 12. Bg3 Ba6 13. Qa4 Bxc4 14. Bxc4 dxc4
15. Qxc4 Nd5 16. e4 Nxc3 17. Qxc3 c5 18. dxc5 Bxc5 19. Be5 f6 20. Bg3 Qd4 21.
Rfe1 Bb4 22. Qxd4 Rxd4 23. Red1 Rad8 24. Rxd4 Rxd4 25. f3 Bc5 26. Bf2 Rc4 27.
Bxc5 Rxc5 28. Kf2 Rc2+ 29. Kg3 Rxb2 30. Kg4 Rxg2+ 31. Kh3 Rf2 32. Kg3 Re2 33.
h3 Kh7 34. Kf4 Rd2 35. a4 e5+ 36. Kg3 Rd4 37. Ra3 Kg6 38. Kg4 h5+ 39. Kg3 Kh6
40. Kh4 g5+ 41. Kg3 h4+ 42. Kg4 Kg6 43. Ra2 f5# 0-1

[Event "Washington Open"]
[Site "Chess.com"]
[Date "2020.05.23"]
[Round "?"]
[White "Devadithya, Hiruna"]
[Black "Cui, Max"]
[Result "1-0"]
[WhiteElo "1148"]
[BlackElo "515"]
[PlyCount "61"]
[EventDate "2020.??.??"]

1. e4 e5 2. Nf3 Nf6 3. Nc3 Bb4 4. Nd5 Nxd5 5. exd5 O-O 6. c3 Ba5 7. Be2 Bb6 8.
O-O d6 9. d3 c6 10. dxc6 Nxc6 11. Be3 Bxe3 12. fxe3 Qb6 13. Qd2 Ne7 14. d4 exd4
15. Nxd4 d5 16. b3 Qg6 17. Bd3 Qg5 18. Rf2 Qe5 19. Raf1 f6 20. Qc2 Qxe3 21.
Bxh7+ Kh8 22. Bd3 Nc6 23. Nxc6 bxc6 24. Kh1 Bg4 25. Rf4 Qe6 26. h3 Bh5 27. Rh4
Qf7 28. Bg6 Qe6 29. Bxh5 Kg8 30. Qh7+ Kxh7 31. Bf7# 1-0

[Event "Washington Open"]
[Site "Chess.com"]
[Date "2020.05.23"]
[Round "?"]
[White "Cui, Max"]
[Black "Parashar, Parth"]
[Result "0-1"]
[WhiteElo "515"]
[BlackElo "920"]
[PlyCount "140"]
[EventDate "2020.??.??"]

1. e4 e5 2. Nf3 Nc6 3. d4 exd4 4. Nxd4 Bc5 5. Be3 d6 6. Nxc6 bxc6 7. Bxc5 dxc5
8. Qxd8+ Kxd8 9. Bc4 Nf6 10. Bxf7 Nxe4 11. O-O Nd6 12. Bc4 Nxc4 13. b3 Nd6 14.
Nc3 Bf5 15. Rac1 Re8 16. Na4 c4 17. bxc4 Nxc4 18. Nc5 Nd6 19. Rfd1 Kc8 20. Na6
Nb5 21. c4 Nd6 22. c5 Nb5 23. a4 Na3 24. Nb4 a5 25. Nxc6 Ra6 26. Nd4 Bg6 27. h3
Rd8 28. g4 Rf6 29. h4 Be8 30. g5 Rg6 31. Rd3 Bxa4 32. f4 Nb5 33. Rc4 Nxd4 34.
Rxa4 Ne2+ 35. Kf2 Rxd3 36. Kxe2 Rd7 37. Rxa5 Re6+ 38. Kf3 Rd3+ 39. Kg4 Re4 40.
h5 Rdd4 41. Kf5 Rxf4+ 42. Ke6 Ra4 43. Rb5 Rfb4 44. Rxb4 Rxb4 45. Kf7 g6 46.
hxg6 hxg6 47. Kxg6 Kd8 48. Kh7 Rh4+ 49. Kg6 Ke7 50. Kf5 Kf7 51. g6+ Kg7 52. Kg5
Ra4 53. Kf5 Ra6 54. Ke5 Rxg6 55. Kd5 c6+ 56. Kc4 Kf7 57. Kb4 Ke7 58. Ka5 Ke6
59. Kb6 Kd5 60. Ka5 Kxc5 61. Ka4 Rg4+ 62. Ka5 Rg2 63. Ka6 Kd5 64. Kb7 c5 65.
Kb6 c4 66. Kb5 c3 67. Kb4 c2 68. Kb3 c1=Q 69. Ka4 Rb2 70. Ka3 Qa1# 0-1

[Event "Washington Open"]
[Site "Chess.com"]
[Date "2020.05.24"]
[Round "?"]
[White "Sun, Connor"]
[Black "Cui, Max"]
[Result "1-0"]
[WhiteElo "775"]
[BlackElo "515"]
[PlyCount "119"]
[EventDate "2020.??.??"]

1. d4 Nf6 2. c4 g6 3. Nc3 Bg7 4. e4 d6 5. f3 O-O 6. Bg5 c5 7. d5 h6 8. Be3 e5
9. Qd2 g5 10. h4 Nh7 11. hxg5 Nxg5 12. Bxg5 Qxg5 13. Qxg5 hxg5 14. Nb5 Na6 15.
Nxd6 Nb4 16. Kd2 f5 17. Nh3 g4 18. Ng5 fxe4 19. Ndxe4 gxf3 20. gxf3 Bf5 21. Bh3
Bxe4 22. Be6+ Rf7 23. Bxf7+ Kf8 24. fxe4 Bf6 25. Nh7+ Kxf7 26. Rhf1 Kg7 27.
Nxf6 Rh8 28. a3 Rh2+ 29. Kd1 Nd3 30. Rb1 Nf2+ 31. Rxf2 Rxf2 32. Nd7 Kg6 33.
Nxe5+ Kg5 34. Nd3 Rh2 35. b4 Kg4 36. Rb3 Kf3 37. Nxc5+ Kg4 38. Nxb7 Rh1+ 39.
Ke2 Rh2+ 40. Kf1 Rh1+ 41. Kg2 Rd1 42. d6 Rd2+ 43. Kf1 Kf4 44. c5 Kxe4 45. c6
Rd1+ 46. Ke2 Ra1 47. d7 Ra2+ 48. Kd1 Ra1+ 49. Kc2 Ra2+ 50. Kb1 Rh2 51. d8=Q
Rh1+ 52. Ka2 Rh2+ 53. Rb2 Rxb2+ 54. Kxb2 Ke3 55. Nc5 Ke2 56. Qd3+ Ke1 57. Kc3
Kf2 58. Ne4+ Ke1 59. Qd2+ Kf1 60. Qf2# 1-0